|
|
|
|
| LEADER |
01010nam a22002892a 4500 |
| 001 |
001162555 |
| 003 |
CZ BrMZK |
| 005 |
20120106110703.0 |
| 007 |
ta |
| 008 |
110809s1979 xr er|||||||||||cze d |
| 015 |
|
|
|a cnb000397098
|
| 035 |
|
|
|a (OCoLC)40085270
|
| 040 |
|
|
|a BOA001
|b cze
|
| 080 |
9 |
|
|a 614.84:621.311
|
| 100 |
1 |
|
|a Svoboda, Václav
|7 jx20040720186
|4 aut
|
| 245 |
1 |
0 |
|a Požární ochrana v energetických závodech, zařízeních a jaderných elektrárnách /
|c Václav Svoboda
|
| 250 |
|
|
|a 1. vyd.
|
| 260 |
|
|
|a Praha :
|b Státní nakladatelství technické literatury,
|c 1979
|
| 300 |
|
|
|a 178 s.
|
| 490 |
1 |
|
|a Knižnice požární ochrany ;
|v sv. 47
|
| 550 |
|
|
|a Vydavatel: Svaz požární ochrany ČSSR
|
| 710 |
1 |
|
|a Československo.
|b Svaz požární ochrany
|7 ko2010600092
|
| 830 |
|
0 |
|a Knižnice požární ochrany (SNTL)
|
| 910 |
|
|
|a BOA001
|b 2-0802.694
|
| 990 |
|
|
|a BK
|
| 991 |
|
|
|b 201108
|
| 996 |
6 |
|
|b 2619433577
|c 2-0802.694
|l MZK
|r Sklad / do 1 hodiny
|n 0
|w 001195838
|u 000010
|a 1
|e BOA001
|j MZK50
|s P
|